Neschopnosť cenovej konkurencie. 1

Situácia vybraných agrárnych komodít na svetových trhoch. Uzatvorenie postupného dosahovania reformy Spoločnej agrárnej politiky hospodárskym rokom 1995/1996. Opatrenia EÚ obmedzujúce plochy pôdy a množstvo zvierat (tzv. opatrenia "Modrého koša").

Enregistré dans:
Détails bibliographiques
Auteur principal: Nádašský, S.
Format: Chapitre de livre
Langue:slovaque
Sujets:
Tags: Ajouter un tag
Pas de tags, Soyez le premier à ajouter un tag!

MARC

LEADER 00000naa a2200000 4500
001 r026908
005 20230824091353.9
041 0 |a slo 
044 |a SK 
245 1 0 |a Neschopnosť cenovej konkurencie. 1  |c S. Nádašský 
520 |a Situácia vybraných agrárnych komodít na svetových trhoch. Uzatvorenie postupného dosahovania reformy Spoločnej agrárnej politiky hospodárskym rokom 1995/1996. Opatrenia EÚ obmedzujúce plochy pôdy a množstvo zvierat (tzv. opatrenia "Modrého koša"). 
610 2 0 |a Európska únia 
610 2 0 |a SVE 
610 2 0 |a USA 
610 2 0 |a 1995-1999 
610 2 0 |a politika poľnohospodárska 
610 2 0 |a komodity 
610 2 0 |a trh svetový 
100 1 |a Nádašský, S.